| 000 | 01317naa a22003017a 4500 | ||
|---|---|---|---|
| 001 | BR7405287 | ||
| 003 | BR-BrBNA | ||
| 005 | 20240918173608.0 | ||
| 007 | ta | ||
| 008 | 230509b bl.||||| |||| 00| 0 por d | ||
| 040 |
_aBR-BrBNA _bpor _cBiblioteca Nacional de Agricultura |
||
| 041 | _a(Pt) | ||
| 072 |
_aF28 _b1910 _bG514 |
||
| 090 | _aF28 BR7405287 | ||
| 100 | 1 | _aVillares, J.B. | |
| 100 | 1 | _aRocha, G.L. | |
| 111 | 1 |
_aMesas Redondas do Algodao, do Cafe e da Conservacao do Solo _cSao Paulo, SP (Brazil) _d1948 |
|
| 245 | 1 | _aO pastoreio rotativo intermitente de stapledon na conservacao do solo [Brasil] | |
| 260 | 3 |
_aSao Paulo, SP (Brasil): _c1950. |
|
| 500 | _aAnais das Mesas Redondas do Algodao, do Cafe e da Conservacao do Solo; organizadas sob os auspicios do Instituto de Economia Rural 1948-1949. Teses apresentadas Sao Paulo, SP (Brasil): 1950. p. 449-468 (BR7405287-AM)F28 | ||
| 650 | _aPASTAGEM | ||
| 650 | _aCONSERVACAO DO SOLO | ||
| 650 | _aROTACAO DE CULTURA | ||
| 650 | _aSAO PAULO | ||
| 773 | 0 |
_tAnais das Mesas Redondas do Algodao, do Cafe e da Conservacao do Solo; organizadas sob os auspicios do Instituto de Economia Rural 1948-1949. Teses apresentadas _b _wF28 BR7405287 _gSao Paulo, SP (Brasil), 1950. p. 449-468 |
|
| 909 |
_a202404 _bLucia _c55 _dLucia Elande |
||
| 942 |
_cAM _2AGRIS |
||
| 999 |
_c305638 _d305638 |
||